| 000 | 00611nam a2200193 i 4500 | ||
|---|---|---|---|
| 001 | 64361 | ||
| 003 | ES-MaACL | ||
| 005 | 20230906165118.0 | ||
| 007 | t| | ||
| 008 | 031223s1946 fr ||||1| eng d | ||
| 100 | 1 |
_aFlu, Paul Christiaan. _951369 |
|
| 245 | 1 | 4 |
_aThe bacteriophage _b: a historical and critical survey of 25 years research / _cby P.C. Flu. |
| 260 |
_aLeiden : _bUniversitaire Pers, _c1946. |
||
| 300 |
_a201 p. : _bret. aut., il. ; _c25 cm. |
||
| 490 | 1 |
_aActa Leidensia ; _v17 |
|
| 830 | 0 |
_aActa Leidensia ; _v17 _9230710 |
|
| 852 |
_aES-MaACL _jC-4311 _bR.24235 |
||
| 999 |
_c64361 _d64361 |
||